=LDR 00000nam 2200000 4500 =001 NUTBA000000000002146 =005 20251107104318 =035 ##$$a 0010-061400000000089 =008 251107###########################0#ind## =020 ##$$a 978-979-1276-60-3 =040 ##$$a NBPDMAT =082 ##$$a 745.5 =090 ##$$a 745.5 $b Bag m =100 ##$$a Bagas Shinugi =245 1#$$a Membuat karakter /$c Bagas Shinugi =250 ##$$a Cet.3 =260 ##$$a Jakarta :$b Mediantara Semesta,$c 2009 =300 ##$$a 52 hlm. : $b ilus. ; $c 23 cm. =500 ##$$a Bibliografi : hlm. 52 =650 #4$$a Kerajinan Tangan =850 ##$$a NBPDMAT =084 ##$$a 745.5 BAG m =990 ##$$a 21400847 =990 ##$$a 21400848 =990 ##$$a 21400849 =990 ##$$a 21400850 =990 ##$$a 21400851 =990 ##$$a 21400613/BPAP-NTB/20142014 =990 ##$$a 21400848 =990 ##$$a 21400847 =990 ##$$a 21400849 =990 ##$$a 21400850 =990 ##$$a 21400851 =990 ##$$a 21400613/BPAP-NTB/20142014